| 000 | 00523nam a22001697a 4500 | ||
|---|---|---|---|
| 005 | 20251108165541.0 | ||
| 008 | 250721s1985 xx 000 0 ara d | ||
| 082 | 1 | 4 | _aط/511.2/عبد |
| 100 | 1 | _aعرفات، عبد الملك | |
| 245 | 1 | 0 | _aأنظمة العد المألوفة و غير المألوفة / |
| 264 | 1 |
_aعمان : _bالجمعية العلمية الملكية، _c1985. |
|
| 300 | _a46ص : رسومات | ||
| 650 | 1 | 7 | _aالحساب |
| 650 | 1 | 7 | _aالأرقام |
| 942 |
_2ddc _cBK |
||
| 999 |
_c30577 _d30577 |
||